التقرير السنوى عن حالة الديمقراطية فى مصر عام 2009 / (Record no. 59825)
[ view plain ]
| 000 -الفاتح | |
|---|---|
| حقل البيانات ثابتة الطول | 01323nam a22002777a 4500 |
| 005 - وقت وتاريخ اخر تعامل مع التسجيلة | |
| رقم الضبط | 20240530110338.0 |
| 008 - عناصر البيانات ثابتة الطول - معلومات عامة | |
| حقل البيانات ثابتة الطول | 141022s2009 ua o gr 000 0 ara d |
| 017 ## - رقم الايداع القانونى | |
| رقم الايداع القانونى | 8021/201 |
| المصدر ( الهيئة المختصة) | مصر . دار الكتب |
| 040 ## - مصدر الفهرسة | |
| وكالة الفهرسة الأصلية | EG-CaGPL |
| 041 ## - رمز اللغة | |
| رمز لغة النص/ المسارات الصوتية أو العنوان الانفرادي | عربى |
| -- | انجليزى |
| 082 04 - رقم تصنيف ديوى العشرى | |
| رقم الطبعة | 21 |
| رقم التصنيف | 321.8\ |
| رقم المادة | ق/أ ت |
| 100 0# - المدخل الرئيسى - إسم شخصى | |
| الإسم الشخصى | مجدى عبدالحميد |
| 245 12 - بيان العنوان | |
| العنوان | التقرير السنوى عن حالة الديمقراطية فى مصر عام 2009 / |
| بيان المسئوليه,etc | اشراف عام مجدى عبدالحميد ؛ اعداد احمد فوزى [ واخ ] |
| 246 ## - العنوان الموازى | |
| عنوان صحيح/عنوان مختصر | Democracy status in egypt report |
| 260 ## - PUBLICATION, DISTRIBUTION, ETC. (IMPRINT) | |
| تاريخ النشر أو التوزيع | 2009 |
| 300 ## - الوصف المادى | |
| التعداد | 363 + 103 ص : |
| تفاصيل ماديه اخرى للوعاء | صور ؛ |
| أبعاد الوعاء | 24 سم |
| 650 04 - المدخل الاضافى بالموضوع-مصطلح موضوعى | |
| مصطلح موضوعي | العلوم السياسية |
| 650 04 - المدخل الاضافى بالموضوع-مصطلح موضوعى | |
| مصطلح موضوعي | الديمقراطية |
| التقسيم الفرعي الجغرافي | مصر |
| التقسيم الفرعي الشكلي | تقارير (2009 ) |
| 651 04 - المدخل الاضافى بالموضوع - اسم جغرافى | |
| الاسم الجغرافي | مصر |
| التقسيم الفرعي العام | الاحوال السياسية |
| 700 0# - المدخل الاضافى - اسم شخصى | |
| الإسم الشخصى | عادل فرج |
| الدور | معد |
| 700 0# - المدخل الاضافى - اسم شخصى | |
| الإسم الشخصى | وليد سيد عبدالحليم |
| الدور | معد |
| 700 0# - المدخل الاضافى - اسم شخصى | |
| الإسم الشخصى | محمد عيسى الصروى |
| الدور | معد |
| 942 ## - عناصر المدخل الإضافي( كوها) | |
| مصدر التصنيف او مخطط الترفيف | Dewey Decimal Classification |
| Koha [default] item type | كتاب |
| 260 ## - PUBLICATION, DISTRIBUTION, ETC. (IMPRINT) | |
| -- | القاهرة : |
| -- | الجمعية المصرية للنهوض بالمشاركة المجتمعية ، |
| 546 ## - تبصرة اللغة | |
| تبصرة اللغة | يحتوى على نص باللغة العربية واللغة الانجليزية |
| حالة التراجع | حالة الفقد | حالة تلف | ليس للاعارة | المكان المؤقت | الموقع الحالى | تاريخ الاكتساب | اجمالي اﻻعارات | رقم الطلب | الباركود | تاريخ اخر مشاهدة | تاريخ تفعيل السعر | نوع وعاء كوها |
|---|---|---|---|---|---|---|---|---|---|---|---|---|
| مكتبة القاهرة الكبرى | مكتبة القاهرة الكبرى | 10/22/2014 | 321.8\ ق/أ ت | 158779 | 10/22/2014 | 10/22/2014 | كتاب |

